Fábula del niño en el hombre

Gespeichert in:
Bibliographische Detailangaben
1. Verfasser: Schultz de Mantovani, Eryda
Format: Buch
Sprache:Undetermined
Veröffentlicht: Buenos Aires, Argentina Sudamericana 1951
Schlagworte:
Tags: Tag hinzufügen
Keine Tags, Fügen Sie den ersten Tag hinzu!

MARC

LEADER 00000nam a2200000Ia 4500
008 170316s9999 xx 000 0 und d
040 |a cru BVZT 
090 |a 860 S-20f 
100 |a Schultz de Mantovani, Eryda 
245 |a Fábula del niño en el hombre 
260 |a Buenos Aires, Argentina 
260 |b Sudamericana 
260 |c 1951 
300 |a 195 páginas 
650 |a LITERATURA LATINOAMERICANA 
999 |c 9214  |d 9214 
942 |c 15 D  |h 860 S-20f  |2 z